000 00605nas a2200217 i 4500
001 185948
003 ES-MaACL
005 20250217134920.0
008 160829d19051917xxu | | ||re d
022 _a0892-273X
245 0 0 _aBibliographie hispanique.
260 _aNew York :
_bHispanic Society of America,
_c1905-1917.
300 _a2 v. ;
_c19 cm.
310 _aAnual
362 0 _a1905-1917.
650 0 4 _aLiteratura española-
_vBibliografías.
_914554
651 4 _aEspaña-
_vBibliografías.
_9149031
852 _aES-MaACL
_jF-5874-75
866 0 _o1912-1913.
999 _c185948
_d185948